Personnalités de Gauche en France - Statistiques

Statistiques générales
  • Ce quiz a été pris 25 fois
  • Le résultat moyen est 7 sur 15
Statistiques - réponses
Personnalité % Correct
Eurodéputée Rima Hassan
86%
Eurodéputée et présidente de groupe au parlement européen Manon Aubry
82%
Co-Président de l'institut La Boétie Jean-Luc Mélenchon
77%
Conseiller Municipal de Bordeaux Philippe Poutou
73%
Députée du Val-de-Marne et présidente de groupe parlementaire Mathilde Panot
68%
Député des Bouches du Rhône Manuel Bompard
59%
Député du Val-de-Marne Louis Boyard
55%
Député du Vaucluse Raphaël Arnault
45%
Porte parole du NPA-l'Anticapitaliste Olivier Besancenot
36%
Député de l'Essonne Antoine Léaument
32%
Député du Val d'Oise Carlos Martens Bilongo
18%
Député de Haute-Garonne François Piquemal
18%
Militante jeunes REV Jade Béniguel
9%
Député de Seine Saint-Denis Jérôme Legavre
9%
Députée d'Ille-et-Vilaine Mathilde Hignet
9%
Aucun quiz correspondant
Distribution des résultats
% des personnes avec chaque résultat
Percentile par nombre de réponses
Votre historique - résultats
Vous n’avez pas pris ce quiz